000 00292nam a2200097Ia 4500
001 802053
005 20250826171049.0
008 250824s9999 xx 000 0 und d
245 0 _aNEŞELİ, KEYİFLİ, MACERA VE BİLGİ DOLU OSMANLI TARİHİ 7
_cZEHRA AYGÜL
260 _bUĞUR BÖCEGİ YAYINLARI
999 _c802053
_d802053